| 000 | 00716nam a2200205Ia 4500 | ||
|---|---|---|---|
| 003 | GCL | ||
| 008 | 140319s9999 xx 000 0 ara d | ||
| 040 |
_aGCL / _cGCL |
||
| 082 | 0 | 4 |
_a189 _bا م |
| 100 | 1 | _aاحمد سليم سعيدان | |
| 245 | 1 | 0 |
_aمقدمة لتاريخ الفكر العلمى فى الاسلام / _cاحمد سليم سعيدان |
| 260 |
_a[S.N] : _bالمجلس الوطنى للثقافة والفنون والاداب ، _c1988 |
||
| 300 | _a217 ص | ||
| 490 |
_aكتاب المواهب _v0 |
||
| 650 | 0 | 4 | _aالفلسفة الاسلامية |
| 650 | 0 | 4 | _aالاسلام |
| 650 | 0 | 4 | _aالعلوم عند العرب |
| 650 | 0 | 4 | _aالحضارة الغربية |
| 942 |
_2ddc _cCF |
||
| 999 |
_c27036 _d27036 |
||